LEADER 01234nam a2200205 i 4500 001 000000033058 003 CaOOAMICUS 005 20180830125450.0 008 180830s1823 it u000 u ita u 040 $aSeMil$bita 245 10$aOrdo liturgicus tenendus in expositione Sanctissimi Sacramenti aliisque sacris functionibus servata omnimode Romani ritus dispositione et consuetudine sanctae Brixianae Ecclesiae in duas partes distributus .. 260 $aBrixiae :$bEx officina Angeli Valotti,$c1823. 300 $a2 v. ;$c4°. 500 $aFregi xilogr. sul front. - Testo su due colonne. - Legati insieme i 2 vol. 650 4$aBrescia (Diocesi) - Liturgia.$0(OLS)http://semarc/subject/5295 710 2 $aDiocesi di Brescia.$0(OLS)http://semarc/name/1799 774 0 $tPars 1. Quae caeremonialem normam praecipue complectitur.$g1$w()75241 774 0 $tPars 2. Ordinis liturgici.$g2$w()248407 996 $6245$aOrdo liturgicus tenendus in expositione Sanctissimi Sacramenti aliisque sacris functionibus servata omnimode Romani ritus dispositione et consuetudine sanctae Brixianae Ecclesiae in duas partes distributus ..$9(OLS)http://semarc/title/44755 996 $6260$aBrixiae :$bEx officina Angeli Valotti$9(OLS)http://semarc/publisher/39489 LEADER 01302nam a2200241 i 4500 001 000000190705 003 CaOOAMICUS 005 20100629000000.0 008 100629s1957 it u000 u ita u 013 $a169137 040 $aSeMil$bita 100 1 $aBerthem - Bontoux.$0(OLS)http://semarc/name/69722 240 10$aSainte Françoise Romaine et son temps (1384-1440).$0(OLS)http://semarc/title/274769 245 10$aSanta Francesca Romana ed il suo tempo (1384-1440) /$cBerthem - Bontoux ; Traduzione di Donna Maria Benedetta Rivaldi Monaca Oblata di Santa Francesca Romana del Monastero di Tor de' Specchi. 260 $aTorino ; Milano [etc.] :$bSocietà Editrice Internazionale,$c1957. 300 $aLXXII, 591 p., [17] p. di tav. :$bill. ;$c22 cm. 500 $aContiene : Bibliografia. 600 04$aFrancesca : Romana .$0(OLS)http://semarc/subject/10487 700 1 $aRivaldi, Maria Benedetta.$0(OLS)http://semarc/name/69723 850 $aSeMil 852 $aSeMil$W1$xVenegono$y1$m3H V 49/B$j141322$B141322$CSeMilBibl$Z2$F152888 $81 996 $6245$aSanta Francesca Romana ed il suo tempo (1384-1440)$9(OLS)http://semarc/title/274768 996 $6260$aTorino ; Milano [etc.] :$bSocietà Editrice Internazionale$9(OLS)http://semarc/publisher/33070